000 00393cam a2200169 4500
001 D13018
008 090401t1905 xxu||||| |||| 00| 0 eng d
035 _a(Sirsi) u7259
041 _aeng
100 _aHudson, Alfred A
245 4 _aThe law of compensation, 2 vols
260 _aLondon
_bEstates Gazette
_c1905
350 _a0
520 _aShelf 117
942 _n0
948 _c04/03/1997
999 _c86397
_d86397